ARRUPE JESUIT UNIVERSITY

CORONAVIRUS -STOP THE SPREAD - CLEAN,DISINFECT,COVER

A history of mathematics / (Record no. 122298)

MARC details
000 -LEADER
fixed length control field 00852pam a2200277 a 4500
001 - CONTROL NUMBER
control field 1035064
003 - CONTROL NUMBER IDENTIFIER
control field ARRUPE
005 - DATE AND TIME OF LATEST TRANSACTION
control field 20150327104453.0
008 - FIXED-LENGTH DATA ELEMENTS--GENERAL INFORMATION
fixed length control field 890117s1989 nyua b 001 0 eng
010 ## - LIBRARY OF CONGRESS CONTROL NUMBER
LC control number 89005325
020 ## - INTERNATIONAL STANDARD BOOK NUMBER
International Standard Book Number 0471097632
040 ## - CATALOGING SOURCE
Original cataloging agency DLC
Transcribing agency DLC
Modifying agency DLC
050 00 - LIBRARY OF CONGRESS CALL NUMBER
Classification number QA21
Item number .B767 1989
082 00 - DEWEY DECIMAL CLASSIFICATION NUMBER
Classification number 510/.9
Edition number 19
300 ## - PHYSICAL DESCRIPTION
Other physical details ill. ;
Dimensions 25 cm.
100 1# - MAIN ENTRY--PERSONAL NAME
Personal name Boyer, Carl B.
Fuller form of name (Carl Benjamin),
Dates associated with a name 1906-1976.
9 (RLIN) 15872
245 12 - TITLE STATEMENT
Title A history of mathematics /
Statement of responsibility, etc Carl B. Boyer.
250 ## - EDITION STATEMENT
Edition statement 2nd ed. /
Remainder of edition statement revised by Uta C. Merzbach.
260 ## - PUBLICATION, DISTRIBUTION, ETC. (IMPRINT)
Place of publication, distribution, etc New York :
Name of publisher, distributor, etc Wiley,
Date of publication, distribution, etc c1989.
300 ## - PHYSICAL DESCRIPTION
Extent xviii, 715 p. :
500 ## - GENERAL NOTE
General note Includes index.
504 ## - BIBLIOGRAPHY, ETC. NOTE
Bibliography, etc Bibliography: p. 713-723.
650 #0 - SUBJECT ADDED ENTRY--TOPICAL TERM
Topical term or geographic name as entry element Mathematics
General subdivision History.
9 (RLIN) 14019
700 1# - ADDED ENTRY--PERSONAL NAME
Personal name Merzbach, Uta C.,
Dates associated with a name 1933-
9 (RLIN) 15873
906 ## - LOCAL DATA ELEMENT F, LDF (RLIN)
a 7
b cbc
c orignew
d 1
e ocip
f 19
g y-gencatlg
942 ## - ADDED ENTRY ELEMENTS (KOHA)
Source of classification or shelving scheme Library of Congress Classification
Koha item type Monograph ( Printed materials)
Holdings
Withdrawn status Lost status Source of classification or shelving scheme Damaged status Not for loan Collection code Home library Current library Shelving location Date acquired Total Checkouts Full call number Barcode Date last seen Date checked out Price effective from Koha item type
    Library of Congress Classification     Main Collection ARRUPE LIBRARY ARRUPE LIBRARY Main Collection 06/03/2015 2 QA21 .B767 1989 46500002891 02/07/2019 03/02/2017 06/03/2015 Monograph ( Printed materials)

 

Arrupe Library. PO Box MP320 Mt Pleasant, Harare, Zimbabwe
263 242 745411|librarian@aju.ac.zw